000 00344nas a2200157 a 4500
001 86673
003 164590
005 20201118112308.0
008 ||||||n9999 ||| || ||
245 0 _aTime - Vol.160 No.16
260 _aEstados Unidos :
562 _e1
773 _021966
_aTime
942 _cSISS
999 _c86673
_d86673